|
|
|
|
| LEADER |
00000cam a2200000 a 4500 |
| 001 |
vtls008398379 |
| 003 |
SK-MaSNL |
| 005 |
20260301183251.0 |
| 008 |
250312s1946 xo 000 0 slo |
| 015 |
|
|
|a SNBA19421945-111/2654
|
| 035 |
|
|
|a SK01SNKBKSD220020090596
|
| 035 |
|
|
|a urn:nbn:sk:snk-am3hl1v
|
| 035 |
|
|
|a 0C0F8AFD-89BD-4760-936B-E3BD0EC08EB2
|
| 035 |
|
|
|a urn:nbn:sk:snk-am00d44q
|
| 035 |
|
|
|a SKM000093059
|
| 040 |
|
|
|a SNK
|b slo
|c SNK
|e AACR2
|
| 041 |
1 |
|
|a slo
|h rus
|
| 043 |
|
|
|a e-ur---
|
| 044 |
|
|
|a xo
|c SK
|
| 072 |
|
7 |
|a 342
|x Ústavné právo. Správne právo
|2 konspekt
|
| 072 |
|
7 |
|a 352/354
|x Stupne miestnej, oblastnej a ústrednej správy
|2 konspekt
|
| 080 |
|
|
|a 342.4
|2 2001
|
| 080 |
|
|
|a 354.11/.86
|2 2001
|
| 080 |
|
|
|a (47+57)
|2 2001
|
| 080 |
|
|
|a "19"
|2 2001
|
| 080 |
|
|
|a (042.5)
|2 2001
|
| 245 |
0 |
0 |
|a O ústave Sovietskeho sväzu
|c Stalin - Molotov
|
| 260 |
|
|
|a Bratislava
|b Pravda
|c 1946
|e Batislava
|f Pravda
|
| 300 |
|
|
|a 70 s.
|c 8°
|
| 490 |
1 |
|
|a Svet socializmu
|v sv. 12
|
| 500 |
|
|
|a Obsahuje 2 referáty
|
| 500 |
|
|
|a Preložené z ruštiny
|
| 610 |
1 |
7 |
|a Sovietsky zväz
|t Konstitucija (1936)
|2 SNK
|9 558307
|
| 650 |
0 |
7 |
|a ústava
|2 SNKPH
|9 2640
|
| 651 |
|
7 |
|a Sovietsky zväz
|2 SNKPH
|9 22126
|
| 655 |
|
7 |
|a referáty
|2 SNKPH
|9 70611
|
| 700 |
1 |
2 |
|a Stalin, Josif Vissarionovič,
|d 1879-1953
|t O návrhu ústavy Sväzu sovietskych socialistických republík
|4 aut
|9 558308
|
| 700 |
1 |
2 |
|a Molotov, Vjačeslav Michajlovič,
|d 1890-1986
|t O pretvorení ľudového komisariátu obrany a ľudového komisariátu zahraničných vecí z komisárov všezväzových na sväzovo-republikánske
|4 aut
|9 558309
|
| 830 |
|
0 |
|a Svet socializmu
|9 308726
|
| 852 |
|
|
|a Slovenská národná knižnica
|
| 958 |
|
|
|a OND
|
| 958 |
|
|
|a RK
|
| 958 |
|
|
|a TL
|
| 999 |
|
|
|c 856384
|d 858314
|
| 952 |
|
|
|a SNK
|b SNK
|y VYP
|7 0
|p 17A0553862
|o snkSD 5159/12 D1
|i snkKSF 2223/56
|8 5
|3 rekatalogizácia
|0 0
|1 0
|4 0
|d 2007-06-20
|l 0
|r 2026-02-24 04:57:16
|w 2026-02-24
|
| 952 |
|
|
|a SNK
|b SNK
|y VYP
|7 0
|p 17A0553849
|o snkSD 5159/12 D2
|i snkKSK 1512/58
|8 3
|3 rekatalogizácia
|0 0
|1 0
|4 0
|d 2007-06-20
|l 0
|r 2026-02-24 04:57:16
|w 2026-02-24
|
| 952 |
|
|
|a SNK
|b SNK
|y PREZ
|7 0
|p 17A0908362
|o snkSD 5159/12
|i snk674/46
|0 0
|1 0
|4 0
|d 2018-07-19
|f 1
|l 0
|r 2025-11-12 00:00:00
|w 2026-02-24
|